000 03522cam a22004933a 4500
005 20030306201222.0
008 991222s2000 nyu j 000 1 eng d
010 _aB-330634-644
020 _a0439135354
_c95.00
020 _a9780439135351
_c95.00
035 _aB-330634-644
035 _aB-358545
037 _bThe Wise Owl
040 _adpl
_bEnglish
082 _aS
100 _aStine, R. L.
245 _aGhost in the mirror /
_cby R.L. Stine
260 _aNew York
_bScholastic Inc.
_c2008
270 _a555 Broadway
_bNewyork
_eNY 10012
300 _a110p.
_c20cm. (pbk)
490 _aGoosebumps series 2000; 25
500 _a"An Apple paperback."
500 _a"A Parachute Press book"--T.p. verso.
655 _aHorror fiction.
_2gsafd
655 _aRadio and television novels.
_2gsafd
710 _aCopyright Paperback Collection (Library of Congress)
800 _aStine, R. L.
_tGoosebumps series 2000 ;25
942 _2ddc
_cCH
_hS
_mSTI
999 _c21315
_d21315